| 000 | 00770nam a2200301Ia 4500 | ||
|---|---|---|---|
| 001 | 5319 | ||
| 005 | 20240113233826.0 | ||
| 007 | ta | ||
| 008 | 170601s987- ii a g b000 u 465 u | ||
| 040 | _aCotton College,Assam | ||
| 041 | _aeng | ||
| 082 |
_a547 _bAg 15 Re |
||
| 100 | _aAgarwal, O.P. . | ||
| 245 | 0 |
_aReactions and Reagents / _cO.P. Agarwal. _hTextual Documents |
|
| 250 | _a12th ed. / | ||
| 260 |
_aMeerut : _bGoel Publishing House , _c1987-88. |
||
| 300 |
_axii, 1183p. : _bill. ; _c21cm . |
||
| 504 | _aIndex | ||
| 653 | _aChemistry | ||
| 653 | _aOrganic Chemistry | ||
| 653 | _aPG-Chemistry | ||
| 653 | _aReagents | ||
| 653 | _aChemical Reactions | ||
| 942 |
_2ddc _cBK |
||
| 999 |
_c5306 _d5306 |
||